Persona Characters - Statistics

General Stats
  • This quiz has been taken 143 times
    134 since last reset
  • The average score is 62 of 142
Answer Stats
Hint Answer % Correct
Persona 4 Yu Narukami
97%
Persona 5 Makoto Niijima
96%
Persona 3 Makoto Yuki
96%
Persona 5 Ren Amamiya
91%
Persona 5 Ann Takamaki
89%
Persona 2 Jun Kurosu
89%
Persona 4 Ai Ebihara
87%
Persona 3 Akihiko Sanada
87%
Persona 1,2,3,4,5 Igor
87%
Persona 5 Ryuji Sakamoto
87%
Persona 4 Chie Satonaka
86%
Persona 4 Yosuke Hanamura
86%
Persona 3 Junpei Iori
85%
Persona 3 Ken Amada
84%
Persona 3 Mitsuru Kirijo
84%
Persona 4 Teddie
83%
Persona Yuka Ayase
83%
Persona 5 Morgana
82%
Persona 4 Rise Kujikawa
82%
Persona 3 Yukari Takeba
82%
Persona 5 Yusuke Kitagawa
82%
Persona 5 Futaba Sakura
81%
Persona 3 Aigis
79%
Persona 4 Naoto Shirogane
79%
Persona 4 Yukiko Amagi
79%
Persona 4 Kanji Tatsumi
78%
Persona 3 Shinjiro Aragaki
78%
Persona 3 Koromaru
77%
Persona 5 Goro Akechi
76%
Persona 5 Haru Okumura
76%
Persona 3 Fuuka Yamagishi
73%
Persona 4 Nanako Dojima
73%
Persona 4 Golden Marie
72%
Persona 3 Elizabeth
71%
Persona 5 Royal Kasumi Yoshizawa
66%
Persona 4 Margaret
66%
Persona 5 Justine
65%
Persona 2 Maya Amano
65%
Persona 2 Tatsuya Suou
61%
Persona 4 Tohru Adachi
61%
Persona 5 Caroline
59%
Persona 4 Taro Namatame
57%
Persona 5 Lavenza
56%
Persona 5 Sae Niijima
56%
Persona 3 Ryoji Mochizuki
54%
Persona 4 Ryotaro Dojima
52%
Persona 5 Sojiro Sakura
52%
Persona 3 Portable Theodore
52%
Persona 3 Tanaka
51%
Persona 3 FES Metis
49%
Persona 3 Kenji Tomochika
48%
Persona 3 Jin Shirato
47%
Persona 3 Chidori Yoshino
46%
Persona 4 Shu Nakajima
46%
Persona Kei Nanjo
45%
Persona 3 Nyx
45%
Persona 5 Scramble Sophia
45%
Persona 5 Tae Takemi
45%
Persona 3 Yuko Nishiwaki
45%
Persona 4 Kou Ichijo
44%
Persona 4 Daisuke Nagase
43%
Persona 3 Chihiro Fushimi
42%
Persona 3 Takaya Sakaki
42%
Persona 5 Hifumi Togo
41%
Persona 4 Izanami
41%
Persona 4 Yumi Ozawa
41%
Persona 4 Eri Minami
39%
Persona 4 Fox
39%
Persona Arena Labrys
39%
Persona 5 Royal Takuto Maruki
39%
Persona 5 Chihaya Mifune
38%
Persona 5 Sadayo Kawakami
38%
Persona 3 Bebe
37%
Persona 3 Pharos
37%
Persona Q Zen
36%
Persona Maki Sonomura
35%
Persona 5 Masayoshi Shido
35%
Persona 3 Portable Minako Arisato
35%
Persona 5 Suguru Kamoshida
35%
Persona 5 Yaldabaoth
35%
Persona 2 Lisa Silverman
33%
Persona Q Rei
33%
Persona 5 Yuuki Mishima
33%
Persona 3 Akinari Kamiki
32%
Persona 4 Ayane Matsunaga
32%
Persona 4 Naoki Konishi
32%
Persona 4 Saki Konishi
32%
Persona 3 Maiko Oohashi
31%
Persona Naoya Toudou
31%
Persona 3 Keisuke Hiraga
30%
Persona Arena Ultimax Sho Minazuki
30%
Persona 3 Shuji Ikutsuki
30%
Persona 5 Wakaba Isshiki
30%
Persona 5 Shinya Oda
29%
Persona 3 Portable Bunkichi
28%
Persona 5 Junya Kaneshiro
28%
Persona 4 Sayoko Uehara
28%
Persona 3 Kazushi Miyamoto
27%
Persona 2 Eikichi Mishina
26%
Persona 5 Ichiryusai Madarame
26%
Persona 5 Royal Jose
24%
Persona 5 Kunikazu Okumura
24%
Persona 3 Mutatsu
24%
Persona 4 Dancing All Night Nozomi Nakahara
24%
Persona 3 Nozomi Suemitsu
24%
Persona 3 Portable Rio Iwasaki
24%
Persona 1,2 Yukino Mayuzumi
24%
Persona 4 Mitsuo
23%
Persona 5 Munehisa Iwai
23%
Persona 3 Mamoru Hayase
22%
Persona 5 Toranosuke Yoshida
21%
Persona 5 Ichiko Ohya
20%
Persona 4 Dancing All Night Kanami Mashita
19%
Persona 5 Lala Escargot
19%
Persona 4 Hanako Ohtani
18%
Persona 3 Hidetoshi Odagiri
18%
Persona 5 Shiho Suzui
18%
Persona Eriko Kirishima
16%
Persona 4 Hisano Kuroda
16%
Persona Masao Inaba
16%
Persona 3 Portable Mitsuko
16%
Persona 3 Portable Saori Hasegawa
16%
Persona 3 FES Erebus
15%
Persona Q2 Hikari
14%
Persona Hidehiko Uesugi
13%
Persona Q2 Kamoshidaman
13%
Persona 4 Kinshiro Morooka
13%
Persona 3 Isako Toriumi
12%
Persona Reiji Kido
12%
Persona 4 Ameno-sagiri
11%
Persona Q2 Doe
11%
Persona 4 Noriko Kashiwagi
11%
Persona Q2 Nagi
10%
Persona Q2 Yosukesaurus
10%
Persona 4 Dancing All Night Miku Hatsune
9%
Persona Q2 Ribbon
9%
Persona Q2 Overseer
5%
Persona 4 Dancing All Night Tamami Uesugi
3%
Persona 4 Dancing All Night Tomoe Sayama
3%
Persona 4 Dancing All Night Minoru Inoue
2%
Persona 4 Dancing All Night Sumomo Ujima
2%
Persona 4 Dancing All Night Kyoka Ochimizu
1%
No matching quizzes found
Score Distribution
Percent of People with Each Score
Percentile by Number Answered
Your Score History
You have not taken this quiz since the last reset